| 000 | 00427cam a2200157ua 4500 | ||
|---|---|---|---|
| 003 | OSt | ||
| 008 | 250502b |||||||| |||| 00| 0 eng d | ||
| 041 | _aeng | ||
| 082 |
_a624.1517 _bKIS/SU |
||
| 100 |
_aKissam, Philip . _97436 |
||
| 245 | _aSurveying :Instruments and methods for surveys of limited extent / | ||
| 250 | _a2 / | ||
| 260 |
_aNew York : _bMcGraw Hill Book Company , _c1956. |
||
| 300 | _a475 ; . | ||
| 942 | _cBK | ||
| 999 |
_c5531 _d5531 |
||